=LDR 00000nam 2200000 4500 =001 INLIS000000000006358 =005 20250324110238 =035 ##$$a 0010-0622000219 =001 INLIS000000000006354 =005 20220610110650 =035 ##$$a 0010-0622000215 =245 1#$$a Latest IC Processes Take Limelight /$c TETSUO HIRAYAMA =100 1#$$a HIRAYAMA, Tetsuo =250 ##$$a Edisi Vol. 19, Serial No. 216 September 2014 =300 ##$$a 83 halaman : $b Tabel, Gambar ; $c 21x28 cm =260 ##$:$b Dempa Asia Electronics Industry,$c 2014 =082 ##$$a 050.37 =084 ##$$a 050.37 HIR l =500 ##$$a Nepcon South China 2014 : SMT Firms Set Sights on 3D-MID Placement In View This Month : Taiwan Beefs up IC Capex =856 ##$$a OPAC (Rak 1.4) =008 250324################|##########|#|## =990 ##$$a 10/MJ-16